LEADER 01637oas 2200517 a 450 001 9910692128603321 005 20041213123154.0 035 $a(CKB)5470000002352151 035 $a(OCoLC)54023423 035 9 $aocm54023423 035 $a(OCoLC)995470000002352151 035 $a(EXLCZ)995470000002352151 100 $a20040114a19uu9999 sa 101 0 $aeng 135 $auranu||||| 181 $ctxt$2rdacontent 182 $cc$2rdamedia 183 $acr$2rdacarrier 200 10$aColumbium (niobium) and tantalum$b[electronic resource] 210 $a[Washington, DC] $c[U.S. Dept. of the Interior, Bureau of Mines] 225 1 $a1994-2002: [Mineral industry surveys] 300 $aSeries statement from Mineral Industry Surveys web page. 300 $aPublished: Reston, VA, 1995- 300 $aDescription based on: 1994; title from title screen (viewed Jan. 14, 2004). 300 $aLatest issue consulted: 2002. 517 $aColumbium 606 $aNiobium$zUnited States$vStatistics$vPeriodicals 606 $aTantalum$zUnited States$vStatistics$vPeriodicals 606 $aNiobium$vStatistics$vPeriodicals 606 $aTantalum$vStatistics$vPeriodicals 608 $aStatistics.$2lcgft 615 0$aNiobium 615 0$aTantalum 615 0$aNiobium 615 0$aTantalum 712 02$aUnited States.$bBureau of Mines. 712 02$aGeological Survey (U.S.) 801 0$bGPO 801 1$bGPO 801 2$bOCLCQ 801 2$bIUL 801 2$bGPO 906 $aDOCUMENT 912 $a9910692128603321 996 $aColumbium (niobium) and tantalum$93432792 997 $aUNINA